书目信息 |
| 题名: |
袁世凯奏议
|
|
| 作者: | ;天津图书馆 , 天津社科院历史出版社研究所 编 | |
| 分册: | 上 | |
| 出版信息: | 天津 天津古籍出版社 1987 |
|
| 页数: | 490页 | |
| 开本: | 20cm | |
| 丛书名: | ||
| 单 册: | ||
| 中图分类: | K206.5 | |
| 科图分类: | ||
| 主题词: | 中国--通史 | |
| 电子资源: | ||
| ISBN: | ||
| 000 | 00747nam0 2200241 45 | |
| 001 | 0187012309 | |
| 005 | 20040507091218.4 | |
| 010 | @b精装@dCNY18.00 | |
| 100 | @a19951201d1987 em y0chiy0121 ea | |
| 101 | 0 | @achi |
| 102 | @aCN@b120000 | |
| 105 | @ay z 000yy | |
| 106 | @ar | |
| 200 | 10 | @a袁世凯奏议@h上@Ayuan shi kai zou yi@f天津图书馆,天津社科院历史出版社研究所编 |
| 210 | @a天津@c天津古籍出版社@d1987 | |
| 215 | @a490页@d20cm | |
| 606 | 0 | @a中国@x通史 |
| 690 | @aK206.5@v3 | |
| 711 | 02 | @a天津图书馆@4编@Atian jin tu shu guan |
| 711 | 02 | @a天津社科院历史出版社研究所@4编@Atian jin she ke yuan li shi chu ban she yan jiu suo |
| 801 | 0 | @aCN@b深圳图书馆@c20040507 |
| 801 | 2 | @aCN@bNLC@c20040507 |
| 905 | @f2@b213735-736@dK206.5@e32:1 | |
| 袁世凯奏议.上/天津图书馆,天津社科院历史出版社研究所编.-天津:天津古籍出版社,1987 |
| 490页;20cm |
| ISBN (精装):CNY18.00 |
| ● |
| 相关链接 |
|
|
|
|
正题名:袁世凯奏议
索取号:K206.5/32:1
 
预约/预借
| 序号 | 登录号 | 条形码 | 馆藏地/架位号 | 状态 | 备注 |
| 1 | 0213735 | 001180670 | 第二借阅区/ [索取号:K206.5/32:1] | 在馆 | |
| 2 | 0213736 | 001180661 | 第二借阅区/ [索取号:K206.5/32:1] | 在馆 | |
| 3 | 0213737 | 001180616 | 第二样本阅览室/ [索取号:K206.5/32:1] | 在馆 |